Countries with embassies and consulates in Paraguay - Statistics

General Stats
  • This quiz has been taken 57 times
  • The average score is 24 of 29
Answer Stats
Continent Country % Correct
South America Argentina
98%
North America United States of America
98%
South America Bolivia
96%
South America Brazil
96%
South America Chile
96%
South America Colombia
96%
South America Ecuador
96%
South America Uruguay
96%
Europe France
94%
Europe Germany
94%
South America Venezuela
94%
North America Cuba
92%
South America Peru
92%
Europe Italy
90%
Asia/ Europe Russia
90%
Europe United Kingdom
90%
North America Costa Rica
88%
North America Mexico
88%
North America Panama
88%
Asia Japan
86%
North America Dominican Republic
84%
Europe Spain
82%
Asia Israel
71%
Asia South Korea
71%
Europe Vatican City
65%
Africa Morocco
57%
Asia Taiwan
55%
Asia Qatar
49%
Asia Lebanon
39%
No matching quizzes found
Score Distribution
Percent of People with Each Score
Percentile by Number Answered
Your Score History
You have not taken this quiz